01643nam a2200433 i 450000100060000000300080000600500170001400600190003100700150005000800410006502000180010602000270012403500230015103500240017403500250019803500220022304000310024505000220027608000100029808200140030824501180032226400430044030000410048333600310052433700330055533800430058849000230063158801260065459001640078065000220094465000230096665500270098970000350101670000360105179700190108783000240110685600620113099900170119255962FlNmELB20241216232813.0m o d | cr cnu||||||||181009s2016 sp o 000 0 spa d z9788494555107 a9781512949148 (e-book) a(MiAaPQ)EBC5308192 a(Au-PeEL)EBL5308192 a(CaPaEBR)ebr11517007 a(OCoLC)1105854543 aFINmELBbspaerdacFINmELB 4aHM1271bI611 2016 a316.40 a305.822303aLa interculturalidad en diálogo :bestudios filosóficos /cSonia París Albert e Irene Comins Mingol (eds.). 1aSevilla :bEditorial Thémata,c2016. a1 recurso en línea (309 páginas) atextobtxt2rdacontent/spa acomputadorabc2rdamedia/spa arecurso en líneabcr2rdacarrier/spa1 aEstudios Thémata aDescripción basada en recurso en línea; Título de la página del título en PDF (e-libro, visto October 9, 2018). aRecurso electrónico. Santa Fe, Arg.: e-libro, 2018. Disponible vía World Wide Web. El acceso puede estar limitado para las bibliotecas afiliadas a e-libro. 0aMulticulturalism. 4aMulticulturalismo. 4aLibros electrónicos.1 aComins Mingol, Irene,eeditor.1 aParís Albert, Sonia,eeditor.2 ae-libro, Corp. 0aEstudios Thémata.40uhttps://elibro.net/ereader/politecnicointernacional/59977 c55962d55962